1285 1500 1373 1090 1277 1807 1000 1351 1020 1735 1878 1818 1741 1272 1593 1836 1711 1097 1799 1448 1844 1573 1795 1372 1063 1004 1648 1679 1285 1906 1521 1756 1077 1316 1040 1954 1018 1729 1450 1630 1208 1455 1456 1245 1084 1619 1893 1837 1227 1848 1917 1152 1327 1750 1983 1292 1013 1046 1881 1210 1442 1571 1202 1305 1561 1698 1954 1413 1731 1059 1541 1904 1098 1023 1240 1945 1062 1017 1923 1695 1476 1961 1241 1712 1536 1686 1123 1631 1538 1201 1889 1462 1660 1215 1803 1065 1302 1710 1400 BCNSPRNW ULIB Ver.6.0+V

เปลี่ยนเป็นภาษาไทย

Change to English
 แสดงรายละเอียดบรรณานุกรม
  กลับหน้าหลัก

Brief Record : Get Marc (ISO 2709) : E-mail record : QR code < ปิดหน้าต่าง
LEADER : 00000nam 2200000uu 4500
001    13399115185
003     ULIB
008    111208s2553||||th 000 0 tha d
020    ^a9786167052212
090    ^aนว.^bร388ฮ ล.1
100    ^aรัศมีจันทร์
245    ^aไฮโซติดเกาะ ตอน สายลมแห่งฤดูหนาว เล่ม 3/^cรัศมีจันทร์
250    ^aพิมพ์ครั้งที่ 1
260    ^aกรุงเทพฯ :^bณ บ้านวรรณกรรม,^c2553
300    ^a320 หน้า
710 1  ^aณ บ้านวรรณกรรม
945    ^p240^l0^i026740
995    ^aทศพร
999 ^a ทศพร
รายการนี้ยังไม่มีแท็ก
คุณยังไม่ได้ล็อกอิน คุณสามารถมีกิจกรรมร่วมกับเว็บไซต์ได้ แต่ต้องล็อกอินก่อน ::
  ล็อกอิน

รายการสื่อสารสนเทศ

ลำดับที่ ประเภท เลขเรียก/บาร์โค้ด สถานที่ สถานะ
1. นวนิยาย
นวนิยาย
นว. ร388ฮ ล.1 ฉ.1 
  Barcode: 026740
ห้องสมุดวิทยาเขตสวรรค์ประชารักษ์
►นวนิยาย
บนชั้น
  ขอยืม

รายการใกล้เคียง
    ผู้แต่ง [รัศมีจันทร์]

BibComment


ยังไม่เคยถูกคอมเมนท์

คอมเมนท์ทรัพยากรรายการนี้
  คอมเมนท์: ไฮโซติดเกาะ ตอน ..


 Copyright 2026. Bcnsprnw @Library